TOEFEL success 2001 : Boost your test scores (Record no. 92819)
[ view plain ]
| 000 -LEADER | |
|---|---|
| fixed length control field | 00499nam a2200193Ia 4500 |
| 008 - FIXED-LENGTH DATA ELEMENTS--GENERAL INFORMATION | |
| fixed length control field | 230125s9999 xx 000 0 und d |
| 020 ## - INTERNATIONAL STANDARD BOOK NUMBER | |
| International Standard Book Number | 0-7689-0415-3 |
| 041 ## - LANGUAGE CODE | |
| Language code of text/sound track or separate title | eng |
| 082 ## - DEWEY DECIMAL CLASSIFICATION NUMBER | |
| Classification number | 153.94 |
| Item number | ROG |
| 100 ## - MAIN ENTRY--PERSONAL NAME | |
| Personal name | Rogers B |
| 9 (RLIN) | 115058 |
| 245 ## - TITLE STATEMENT | |
| Title | TOEFEL success 2001 : Boost your test scores |
| 260 ## - PUBLICATION, DISTRIBUTION, ETC. (IMPRINT) | |
| Date of publication, distribution, etc. | 2001 |
| Name of publisher, distributor, etc. | Thomson publication |
| Place of publication, distribution, etc. | New York |
| 300 ## - PHYSICAL DESCRIPTION | |
| Extent | 568p |
| 500 ## - GENERAL NOTE | |
| Keywords | Aptitude Tests |
| 500 ## - GENERAL NOTE | |
| Keywords | General |
| 650 ## - SUBJECT ADDED ENTRY--TOPICAL TERM | |
| Topical term or geographic name as entry element | Aptitude Tests |
| 700 ## - ADDED ENTRY--PERSONAL NAME | |
| Personal name | Rogers B |
| 9 (RLIN) | 115058 |
| Withdrawn status | Lost status | Damaged status | Not for loan | Home library | Current library | Date acquired | Vendor | Cost, normal purchase price | Full call number | Barcode | Date last seen | Cost, replacement price | Bill Date | Koha item type | Original Barcode |
|---|---|---|---|---|---|---|---|---|---|---|---|---|---|---|---|
| Smt. Hiraben Nanavati Institute of Management & Research for Women | Smt. Hiraben Nanavati Institute of Management & Research for Women | 14/12/2000 | Satya Gilani | 675.00 | 153.94 ROG DB0354 | HIMR-DB-354 | 25/01/2023 | 675.00 | 14/12/2000 | Donated Book | DB0354 |